00375nam a2200121Ia 4500008004100000100002100041245007200062245004100134260000900175300001200184650001300196856004400209170221s9999 xx 000 0 und d aSharon M. Taylor 4aThe Solution to the Financial Literacy Problem: What is the Answer? cSharon M. Taylor and Suzanne Wagland c2016 a15 : 13 xBusiness uhttp://ro.uow.edu.au/aabfj/vol7/iss3/5/